| 000 | 00930cam a2200217 4500 | ||
|---|---|---|---|
| 001 | WB3928-19 | ||
| 008 | 030724n2003 000 0 eng u | ||
| 035 | _a(Sirsi) u123120 | ||
| 245 | _aWaste management licences guide | ||
| 260 | _c2003 | ||
| 490 |
_aRICS Westminster News _v 21 July 2003 2(1) |
||
| 520 | _aThe "Waste management licences - appeal procedure guide", published by the Planning Inspectorate, details procedures for appeals against Environment Agency rulings to refuse, modify or reject waste management licence applications. View the guide at http://www.planning-inspectorate.gov.uk/pins/appea ls/environmental_appeals/waste_management.htm. | ||
| 590 | _aWB | ||
| 650 | _aGUIDANCE | ||
| 650 | _aWASTE MANAGEMENT LICENCES | ||
| 650 | _aAPPEAL PROCEDURE | ||
| 650 | _aENVIRONMENT AGENCY | ||
| 650 | _aPLANNING INSPECTORATE | ||
| 690 | _aENVIRONMENTAL AND LAND CONSULTANCY-WASTE MANAGEMENT | ||
| 942 | _n0 | ||
| 999 |
_c73109 _d73109 |
||